000 01173cam a22003857a 4500
003 CHAP
005 20220817043945.0
008 040831d2003 it r 00110 eng d
010 _a88765
011 _a89737
020 _a9251049750
035 _a100288
040 _cCHAP
082 0 4 _a641.1
_bF47
110 0 0 _aFAO
245 1 0 _aNutrition intake and economic growth :
_bstudies on the cost of hunger
_c/ed. por Kiyoshi Taniguchi and Xiaojun Wang
260 _aRome :
_bFAO,
_c2003.
300 _a126 p.
590 _aBATCH-UPD
_b10
_c20130110
_lUCH01
_h0506
590 _aBATCH-UPD
_b10
_c20130410
_lUCH01
_h0144
590 _aBATCH-UPD
_b10
_c20130914
_lUCH01
_h0205
590 _aCONVERSION
_b10
_c20130109
_lUCH01
_h1349
650 1 4 _aAlimentos
_xAbastecimiento.
650 1 4 _aDesarrollo económico.
650 1 4 _aDesnutrición.
_932165
650 1 4 _aHambre.
_952413
650 1 4 _aNutrición.
_982246
650 1 4 _aPobreza.
_989463
700 0 0 _aKiyoshi, Taniguchi.
_963400
700 0 0 _aWang, Xiaojun.
_9121020
901 _aBK
905 _aAlejandra Carrasco M.
942 _cLIBRO
949 _a641.1 F47
_bBC
_cFAO
_d33724000797791
_eFAO1
_h42540
_i100288
_sb
999 _c88765
_d88765